| 000 | 01164nam a22002415i 4500 | ||
|---|---|---|---|
| 001 | 172774 | ||
| 003 | ES-MaACL | ||
| 005 | 20250831061531.0 | ||
| 008 | 090908s1932 sp |||| | spa d | ||
| 245 | 0 | 0 |
_aConvenio concerniente a los derechos de asociación y coalición de los obreros agrícolas _b: aprobado por la Conferencia Internacional del Trabajo en su III sesión, celebrada en Ginebra del 25 de octubre al 19 de noviembre de 1921 y ratificado por España el 29 de agosto de 1932. |
| 260 |
_aMadrid : _b[s.n.], _c1932 ( _fImp. del Ministerio de Estado) |
||
| 300 |
_a9 p. ; _c24 cm. |
||
| 490 | 1 |
_aPublicaciones del Ministerio de Estado. Serie A: Acuerdos y convenios internacionales ; _v15 |
|
| 546 | _aTexto en español, francés e inglés. | ||
| 594 | _aDatos tomados de cub. | ||
| 650 | 4 |
_aAgricultores. _9167469 |
|
| 650 | 4 |
_aLibertad de asociación. _9136406 |
|
| 710 | 1 |
_aEspaña. _bMinisterio de Estado. _93866 |
|
| 711 | 2 |
_aConferencia Internacional del Trabajo ( _n3ª. _d1921. _cGinebra) _9171565 |
|
| 830 | 1 | 0 |
_aPublicaciones del Ministerio de Estado _v15 _9189119 |
| 852 |
_aES-MaACL _j2299-F-31 |
||
| 999 |
_c172774 _d172774 |
||